000 00262nam a2200109Ia 4500
008 190216s9999||||xx |||||||||||||| ||und||
100 _aArora B L
245 0 _aNew Light Objective Physics
260 _bNew Light Publishers
650 _aReferences
942 _cREF
999 _c35789
_d35789